[Event "Amantea op-A 8th"]
[Site "Amantea"]
[Date "2010.09.02"]
[Round "6"]
[White "Diaz, Linda Victoria"]
[Black "Abatino, Maurizio"]
[Result "0-1"]
[WhiteElo "2010"]
[BlackElo "2163"]
[PlyCount "84"]
[EventDate "2010.08.29"]
[EventType "swiss"]
[EventRounds "9"]
[EventCountry "ITA"]
[SourceTitle "CBM 138 Extra"]
[Source "ChessBase"]
[SourceDate "2010.10.29"]
[SourceVersion "1"]
[SourceVersionDate "2010.10.29"]
[SourceQuality "1"]

1. e4 e6 2. d4 d5 3. e5 c5 4. c3 Nc6 5. Bb5 Bd7 6. Ne2 Nxe5 7. Bxd7+ Nxd7 8. 0-0 Ngf6 9. f4 Bd6 10. Nd2 Qc7 11. Nf3 Ne4 12. Be3 0-0 13. Rc1 b5 14. Kh1 a5 15. Qe1 c4 16. Qh4 f6 17. Nd2 Nxd2 18. Bxd2 f5 19. g4 Nf6 20. g5 Ne4 21. Be3 b4 22. Rf3 g6 23. Qe1 Rab8 24. b3 bxc3 25. Nxc3 Ba3 26. Rc2 cxb3 27. axb3 Bb4 28. Bd2 Bxc3 29. Rcxc3 Nxc3 30. Qxe6+ Qf7 31. Qxf7+ Kxf7 32. Rxc3 Rfc8 33. Rxc8 Rxc8 34. Bxa5 Rc2 35. Kg1 Ke6 36. Bd8 Kd7 37. Bf6 Kc6 38. b4 Kb5 39. Be7 Kc4 40. b5 Kxb5 41. Bd6 Kc4 42. Be5 Kd3 0-1

[Event "Amantea op-A 8th"]
[Site "Amantea"]
[Date "2010.09.01"]
[Round "4"]
[White "Abatino, Maurizio"]
[Black "Vespe, Francesco"]
[Result "0-1"]
[WhiteElo "2163"]
[BlackElo "1996"]
[PlyCount "104"]
[EventDate "2010.08.29"]
[EventType "swiss"]
[EventRounds "9"]
[EventCountry "ITA"]
[SourceTitle "CBM 138 Extra"]
[Source "ChessBase"]
[SourceDate "2010.10.29"]
[SourceVersion "1"]
[SourceVersionDate "2010.10.29"]
[SourceQuality "1"]

1. d4 d5 2. c4 e6 3. Nc3 Nf6 4. Bg5 Be7 5. e3 Nbd7 6. Nf3 0-0 7. Rc1 b6 8. cxd5 exd5 9. Bd3 Bb7 10. 0-0 c5 11. Bb1 Ne4 12. Bf4 g5 13. Be5 Nxe5 14. Nxe5 f6 15. Nf3 a6 16. a3 Rc8 17. Ba2 Nxc3 18. Rxc3 c4 19. Bb1 b5 20. Nd2 Bd6 21. Bf5 Rc7 22. e4 Re7 23. exd5 Bxd5 24. Qg4 Qe8 25. Rh3 Rff7 26. Rh6 Be6 27. Nf3 Bxf5 28. Qxf5 Qd7 29. Qc2 Bf4 30. Rh5 Qg4 31. Rh3 Qe6 32. Rh5 Qe4 33. Qc3 Qg6 34. g4 f5 35. h3 fxg4 36. hxg4 Qe6 37. Nh2 Bxh2+ 38. Rxh2 Qxg4+ 39. Rg2 Qf4 40. Qa5 Qf6 41. Qd8+ Kg7 42. f4 h6 43. Qd5 Rd7 44. Qe5 Rxd4 45. Qxf6+ Rxf6 46. fxg5 Rxf1+ 47. Kxf1 h5 48. Re2 Rd1+ 49. Kf2 Kg6 50. Re6+ Kxg5 51. Rxa6 Rd2+ 52. Kf3 Rxb2 0-1

[Event "Amantea op-A 7th"]
[Site "Amantea"]
[Date "2009.09.07"]
[Round "9"]
[White "Abatino, Maurizio"]
[Black "Van Asseldonk, Paul"]
[Result "1/2-1/2"]
[WhiteElo "2163"]
[BlackElo "2107"]
[PlyCount "30"]
[EventDate "2009.08.31"]
[EventType "swiss"]
[EventRounds "9"]
[EventCountry "ITA"]
[SourceTitle "CBM 132 Extra"]
[Source "ChessBase"]
[SourceDate "2009.11.03"]
[SourceVersion "1"]
[SourceVersionDate "2009.11.03"]
[SourceQuality "1"]

1. d4 Nf6 2. c4 e6 3. Nc3 Bb4 4. e3 c5 5. Nge2 Nc6 6. a3 Bxc3+ 7. Nxc3 d6 8. Be2 0-0 9. 0-0 e5 10. d5 Ne7 11. b3 Ne8 12. Bb2 f5 13. f4 g5 14. Qd2 Ng6 15. g3 Ng7 1/2-1/2

[Event "Amantea op-A 7th"]
[Site "Amantea"]
[Date "2009.09.06"]
[Round "8"]
[White "Scerbo, Antonio"]
[Black "Abatino, Maurizio"]
[Result "1/2-1/2"]
[WhiteElo "2086"]
[BlackElo "2163"]
[PlyCount "36"]
[EventDate "2009.08.31"]
[EventType "swiss"]
[EventRounds "9"]
[EventCountry "ITA"]
[SourceTitle "CBM 132 Extra"]
[Source "ChessBase"]
[SourceDate "2009.11.03"]
[SourceVersion "1"]
[SourceVersionDate "2009.11.03"]
[SourceQuality "1"]

1. Nf3 Nf6 2. g3 g6 3. Bg2 Bg7 4. 0-0 d6 5. c4 c5 6. Nc3 Nc6 7. d3 0-0 8. Rb1 a6 9. a3 Nd7 10. Bd2 Rb8 11. b4 Nce5 12. Nxe5 Nxe5 13. b5 Bg4 14. h3 Be6 15. bxa6 bxa6 16. Rxb8 Qxb8 17. Qc2 Qc8 18. Kh2 Nc6 1/2-1/2

[Event "Amantea op-A 7th"]
[Site "Amantea"]
[Date "2009.09.01"]
[Round "3"]
[White "Collutiis, Duilio"]
[Black "Abatino, Maurizio"]
[Result "1-0"]
[WhiteElo "2449"]
[BlackElo "2163"]
[PlyCount "93"]
[EventDate "2009.08.31"]
[EventType "swiss"]
[EventRounds "9"]
[EventCountry "ITA"]
[SourceTitle "CBM 132 Extra"]
[Source "ChessBase"]
[SourceDate "2009.11.03"]
[SourceVersion "1"]
[SourceVersionDate "2009.11.03"]
[SourceQuality "1"]

1. e4 e6 2. d3 d5 3. Nd2 c5 4. g3 Bd6 5. Qg4 Nf6 6. Qe2 Nc6 7. Ngf3 Qc7 8. Bg2 d4 9. 0-0 e5 10. Nh4 g6 11. Nc4 Be7 12. f4 Bg4 13. Nf3 Nd7 14. h3 Be6 15. f5 Bxc4 16. dxc4 0-0-0 17. Ne1 g5 18. a3 h5 19. Nd3 Kb8 20. Bd2 Nb6 21. b3 f6 22. Rfb1 h4 23. g4 Kc8 24. Bf1 Rdf8 25. Qe1 Kd7 26. b4 Na4 27. bxc5 Bxc5 28. Kh1 Rb8 29. Nb4 Nb6 30. Nd5 Qd6 31. Rb5 Rhf8 32. a4 Na8 33. Rab1 b6 34. a5 Nc7 35. R5b3 Nxd5 36. cxd5 Ne7 37. Qe2 Nc8 38. Bb4 Bxb4 39. Qb5+ Ke7 40. Rxb4 Qd7 41. Qxd7+ Kxd7 42. Bb5+ Kd8 43. Bc6 Nd6 44. axb6 Rxb6 45. Rxb6 axb6 46. Ra1 Nxe4 47. Ra7 1-0

[Event "Calabria Region-ch"]
[Site "Amantea"]
[Date "2009.06.02"]
[Round "6"]
[White "Familari, Giuseppe"]
[Black "Abatino, Maurizio"]
[Result "0-1"]
[WhiteElo "1861"]
[BlackElo "2174"]
[PlyCount "80"]
[EventDate "2009.05.30"]
[EventType "swiss"]
[EventRounds "6"]
[EventCountry "ITA"]
[SourceTitle "EXT 2011"]
[Source "ChessBase"]
[SourceDate "2010.11.26"]
[SourceVersion "1"]
[SourceVersionDate "2010.11.26"]
[SourceQuality "1"]

1. e4 e6 2. d4 d5 3. Nc3 Bb4 4. e5 Ne7 5. a3 Bxc3+ 6. bxc3 b6 7. Bb5+ c6 8. Bd3 Ba6 9. Nf3 Qd7 10. a4 c5 11. a5 c4 12. Bf1 b5 13. Ba3 Nbc6 14. Qc1 0-0 15. g3 f6 16. Bh3 fxe5 17. Nxe5 Nxe5 18. dxe5 Rfe8 19. 0-0 Bb7 20. Bxe7 Rxe7 21. Qe3 a6 22. Qd4 Bc6 23. f4 Qa7 24. g4 Qxd4+ 25. cxd4 Rb7 26. f5 Bd7 27. Rf3 b4 28. Kf2 Rab8 29. Ke1 b3 30. c3 b2 31. Rb1 Rb3 32. Kd2 Ra3 33. Kc2 Ba4+ 34. Kd2 Be8 35. Kc2 Ba4+ 36. Kd2 Ra1 37. Rff1 Ra2 38. g5 Be8 39. fxe6 h5 40. e7 Bf7 0-1

[Event "Calabria Region-ch"]
[Site "Amantea"]
[Date "2009.05.31"]
[Round "2"]
[White "Caputo, Francesco"]
[Black "Abatino, Maurizio"]
[Result "0-1"]
[WhiteElo "1584"]
[BlackElo "2174"]
[PlyCount "48"]
[EventDate "2009.05.30"]
[EventType "swiss"]
[EventRounds "6"]
[EventCountry "ITA"]
[SourceTitle "EXT 2011"]
[Source "ChessBase"]
[SourceDate "2010.11.26"]
[SourceVersion "1"]
[SourceVersionDate "2010.11.26"]
[SourceQuality "1"]

1. e4 e6 2. d4 d5 3. exd5 exd5 4. Nc3 Bb4 5. Bd3 Ne7 6. Qh5 Nbc6 7. Nf3 Be6 8. Ng5 Qd7 9. Nxh7 0-0-0 10. Be3 Nf5 11. g4 Nxe3 12. fxe3 g6 13. Qh6 Bxg4 14. 0-0 f5 15. Qxg6 Qxh7 16. Qxh7 Rxh7 17. Bxf5+ Bxf5 18. Rxf5 Rg8+ 19. Kh1 Ne7 20. Rf2 c6 21. Raf1 Kd7 22. Rf7 Rgg7 23. Rxg7 Rxg7 24. e4 Bxc3 0-1

[Event "KR Province-ch"]
[Site "Cutro"]
[Date "2008.12.06"]
[Round "3"]
[White "Paragliola, Gennaro"]
[Black "Abatino, Maurizio"]
[Result "0-1"]
[WhiteElo "1637"]
[BlackElo "2174"]
[PlyCount "36"]
[EventDate "2008.12.05"]
[EventType "swiss"]
[EventRounds "5"]
[EventCountry "ITA"]
[SourceTitle "EXT 2011"]
[Source "ChessBase"]
[SourceDate "2010.11.26"]
[SourceVersion "1"]
[SourceVersionDate "2010.11.26"]
[SourceQuality "1"]

1. d4 Nf6 2. Bg5 Ne4 3. Bh4 g5 4. f3 gxh4 5. fxe4 c5 6. Nf3 Qb6 7. b3 cxd4 8. Qxd4 Qxd4 9. Nxd4 Bg7 10. c3 Nc6 11. e3 d6 12. Nd2 0-0 13. N2f3 Bf6 14. 0-0-0 Bd7 15. Kd2 Rac8 16. Nf5 Rfd8 17. Bc4 d5 18. Bxd5 Bxf5 0-1

[Event "Cutro op-A 14th"]
[Site "Cutro"]
[Date "2008.04.28"]
[Round "6"]
[White "Abatino, Maurizio"]
[Black "Codenotti, Marco"]
[Result "1/2-1/2"]
[WhiteElo "2168"]
[BlackElo "2063"]
[PlyCount "82"]
[EventDate "2008.04.23"]
[EventType "swiss"]
[EventRounds "9"]
[EventCountry "ITA"]
[SourceTitle "CBM 123 Extra"]
[Source "ChessBase"]
[SourceDate "2008.05.06"]
[SourceVersion "1"]
[SourceVersionDate "2008.05.06"]
[SourceQuality "1"]

1. d4 Nf6 2. c4 g6 3. Nc3 Bg7 4. e4 d6 5. h3 0-0 6. Nf3 e5 7. dxe5 dxe5 8. Qxd8 Rxd8 9. Bg5 c6 10. Nxe5 Re8 11. 0-0-0 Nxe4 12. Nxe4 Bxe5 13. Nf6+ Bxf6 14. Bxf6 Bf5 15. f3 Nd7 16. Bc3 a5 17. g4 Be6 18. Rh2 Nb6 19. b3 a4 20. Rhd2 axb3 21. axb3 Ra3 22. Kb2 Raa8 23. Bf6 h6 24. h4 Kf8 25. Rd4 Kg8 26. Bh3 Rac8 27. Bf1 Ra8 28. R4d2 Kf8 29. Bd3 Nd7 30. Bd4 Kg8 31. Bc2 Re7 32. Bc3 Kf8 33. h5 g5 34. Be4 Rae8 35. Bb4 c5 36. Bc3 Nb6 37. Ba5 Nd7 38. Bxb7 Ne5 39. Be4 Bxc4 40. Bc3 Ba6 41. Rd6 Be2 1/2-1/2

[Event "Cutro op-A 14th"]
[Site "Cutro"]
[Date "2008.04.26"]
[Round "4"]
[White "Abatino, Maurizio"]
[Black "Stromboli, Ettore"]
[Result "1/2-1/2"]
[WhiteElo "2168"]
[BlackElo "2329"]
[PlyCount "36"]
[EventDate "2008.04.23"]
[EventType "swiss"]
[EventRounds "9"]
[EventCountry "ITA"]
[SourceTitle "CBM 123 Extra"]
[Source "ChessBase"]
[SourceDate "2008.05.06"]
[SourceVersion "1"]
[SourceVersionDate "2008.05.06"]
[SourceQuality "1"]

1. d4 Nf6 2. c4 e6 3. Nc3 Bb4 4. e3 b6 5. Bd3 Bb7 6. Nf3 Ne4 7. 0-0 Bxc3 8. bxc3 f5 9. Ne1 Qh4 10. f3 Ng5 11. a4 0-0 12. Qe2 Rf6 13. Qf2 Qh5 14. Qg3 Rg6 15. Qxc7 Bxf3 16. Qd8+ Kf7 17. Ba3 Na6 18. Qxd7+ Kg8 1/2-1/2

[Event "Cutro op-A 14th"]
[Site "Cutro"]
[Date "2008.04.24"]
[Round "2"]
[White "Abatino, Maurizio"]
[Black "Damia, Angelo"]
[Result "1/2-1/2"]
[WhiteElo "2168"]
[BlackElo "2302"]
[PlyCount "37"]
[EventDate "2008.04.23"]
[EventType "swiss"]
[EventRounds "9"]
[EventCountry "ITA"]
[SourceTitle "CBM 123 Extra"]
[Source "ChessBase"]
[SourceDate "2008.05.06"]
[SourceVersion "1"]
[SourceVersionDate "2008.05.06"]
[SourceQuality "1"]

1. d4 d6 2. c4 e5 3. Nc3 exd4 4. Qxd4 Nc6 5. Qd2 Be7 6. g3 Nf6 7. Bg2 0-0 8. Nh3 Ne5 9. b3 a5 10. Bb2 c6 11. Nf4 a4 12. Rd1 axb3 13. axb3 Qb6 14. Qc2 Bf5 15. Qxf5 Qxb3 16. Qb1 Nxc4 17. Ba1 Qxb1 18. Rxb1 d5 19. e3 1/2-1/2

[Event "San Nicola Arcella op 1st"]
[Site "San Nicola Arcella"]
[Date "2007.09.20"]
[Round "6"]
[White "Abatino, Maurizio"]
[Black "Barlotti, Gabriele"]
[Result "1-0"]
[WhiteElo "2179"]
[BlackElo "1660"]
[PlyCount "87"]
[EventDate "2007.09.16"]
[EventType "swiss"]
[EventRounds "9"]
[EventCountry "ITA"]
[SourceTitle "EXT 2009"]
[Source "ChessBase"]
[SourceDate "2008.11.26"]
[SourceVersion "1"]
[SourceVersionDate "2008.11.26"]
[SourceQuality "1"]

1. d4 d5 2. c4 e6 3. Nc3 Nf6 4. Bg5 Nbd7 5. e3 c6 6. Nf3 Qa5 7. cxd5 Nxd5 8. Qd2 Bb4 9. Rc1 N7f6 10. Bd3 0-0 11. a3 Be7 12. 0-0 Nxc3 13. Rxc3 Qd8 14. Rcc1 Ne4 15. Bxe4 Bxg5 16. Nxg5 Qxg5 17. f4 Qe7 18. Rc5 Rd8 19. Qc2 h6 20. b4 Bd7 21. Rc1 Rac8 22. Qf2 Rf8 23. h3 f5 24. Bf3 Rfd8 25. Kh2 Rf8 26. Rg1 Kh8 27. g4 g6 28. Qb2 Kh7 29. Qe2 Qf7 30. g5 h5 31. Bxh5 Rfd8 32. Bf3 Kg7 33. Kg2 Rh8 34. Kg3 Qe7 35. Qb2 Kg8 36. Rh1 Qd8 37. Rc2 Qe7 38. h4 Qd8 39. Rch2 Be8 40. h5 Qd7 41. hxg6 Rxh2 42. Qxh2 Qg7 43. Qh7+ Qxh7 44. Rxh7 1-0

[Event "San Nicola Arcella op 1st"]
[Site "San Nicola Arcella"]
[Date "2007.09.19"]
[Round "4"]
[White "Tondo, Salvatore"]
[Black "Abatino, Maurizio"]
[Result "1/2-1/2"]
[WhiteElo "1915"]
[BlackElo "2179"]
[PlyCount "31"]
[EventDate "2007.09.16"]
[EventType "swiss"]
[EventRounds "9"]
[EventCountry "ITA"]
[SourceTitle "EXT 2009"]
[Source "ChessBase"]
[SourceDate "2008.11.26"]
[SourceVersion "1"]
[SourceVersionDate "2008.11.26"]
[SourceQuality "1"]

1. d4 Nf6 2. Nf3 b6 3. g3 Bb7 4. Bg2 e6 5. 0-0 Be7 6. c4 0-0 7. Nc3 Ne4 8. Nxe4 Bxe4 9. Nd2 Bxg2 10. Kxg2 d5 11. cxd5 Qxd5+ 12. Nf3 Nd7 13. Kg1 Rfd8 14. Bf4 c5 15. dxc5 Nxc5 16. Bc7 1/2-1/2

[Event "Cutro op-A 13th"]
[Site "Cutro"]
[Date "2007.04.30"]
[Round "8"]
[White "Abatino, Maurizio"]
[Black "Ferro, Mario"]
[Result "0-1"]
[WhiteElo "2192"]
[BlackElo "2235"]
[PlyCount "68"]
[EventDate "2007.04.23"]
[EventType "swiss"]
[EventRounds "9"]
[EventCountry "ITA"]
[SourceTitle "CBM 118 Extra"]
[Source "ChessBase"]
[SourceDate "2007.07.04"]
[SourceVersion "1"]
[SourceVersionDate "2007.07.04"]
[SourceQuality "1"]

1. d4 f5 2. g3 Nf6 3. Bg2 g6 4. c4 Bg7 5. Nc3 0-0 6. Nf3 d6 7. d5 Qe8 8. 0-0 Na6 9. Nd4 Bd7 10. Rb1 c6 11. b3 Nc7 12. Bb2 g5 13. e3 f4 14. exf4 gxf4 15. Ne4 Ng4 16. Nf3 Bf5 17. Bxg7 Kxg7 18. Nh4 Ne5 19. Nxf5+ Rxf5 20. dxc6 bxc6 21. Nd2 Rf6 22. Nf3 Nxf3+ 23. Bxf3 e5 24. Qd2 Ne6 25. Be4 Nd4 26. f3 h5 27. Rf2 Qe6 28. Rbf1 d5 29. cxd5 cxd5 30. Bb1 Kf7 31. Qd3 Rg8 32. Rg2 Qh3 33. g4 hxg4 34. fxg4 f3 0-1

[Event "Cutro op-A 13th"]
[Site "Cutro"]
[Date "2007.04.23"]
[Round "1"]
[White "Krivoshey, Sergei"]
[Black "Abatino, Maurizio"]
[Result "1-0"]
[WhiteElo "2475"]
[BlackElo "2192"]
[PlyCount "79"]
[EventDate "2007.04.23"]
[EventType "swiss"]
[EventRounds "9"]
[EventCountry "ITA"]
[SourceTitle "CBM 118 Extra"]
[Source "ChessBase"]
[SourceDate "2007.07.04"]
[SourceVersion "1"]
[SourceVersionDate "2007.07.04"]
[SourceQuality "1"]

1. Nf3 Nf6 2. c4 e6 3. Nc3 Bb4 4. Qc2 b6 5. a3 Bxc3 6. Qxc3 Bb7 7. b4 d6 8. Bb2 Nbd7 9. e3 Qe7 10. Be2 0-0 11. 0-0 Rfc8 12. d3 c5 13. bxc5 Nxc5 14. a4 Bc6 15. Qc2 Rab8 16. Nd4 Ba8 17. Rfc1 a6 18. Qd1 Nfd7 19. Nf3 Nf8 20. Rcb1 Qd7 21. d4 Ne4 22. Bd3 Ng6 23. d5 Nc5 24. Bc2 e5 25. Bc3 Qg4 26. Nd2 Qxd1+ 27. Bxd1 Ne7 28. e4 f5 29. f3 Rf8 30. Ra2 Nc8 31. a5 Rb7 32. axb6 Rxb6 33. Rxb6 Nxb6 34. Ba5 Nbd7 35. Bc7 Rc8 36. Bxd6 fxe4 37. fxe4 Bb7 38. Bg4 Re8 39. Bxd7 Nxd7 40. c5 1-0

[Event "Crotone Province-ch 07"]
[Site "Cutro"]
[Date "2006.12.09"]
[Round "5"]
[White "Zavaglia, Giuseppe"]
[Black "Abatino, Maurizio"]
[Result "1/2-1/2"]
[WhiteElo "1886"]
[BlackElo "2192"]
[PlyCount "73"]
[EventDate "2006.12.07"]
[EventType "swiss"]
[EventRounds "7"]
[EventCountry "ITA"]
[SourceTitle "EXT 2024"]
[Source "ChessBase"]
[SourceDate "2023.10.10"]
[SourceVersion "1"]
[SourceVersionDate "2023.10.10"]
[SourceQuality "1"]

1. c4 Nf6 2. Nc3 e6 3. g3 Be7 4. Bg2 0-0 5. Nf3 d5 6. cxd5 exd5 7. d4 c6 8. Qc2 Re8 9. 0-0 Nbd7 10. Bf4 Nf8 11. Rad1 Ng6 12. Bg5 Ne4 13. Bxe7 Qxe7 14. e3 Bf5 15. Qb3 Rab8 16. Nd2 Nd6 17. Na4 Nf8 18. Nc5 Nd7 19. Nxd7 Qxd7 20. Rc1 Bh3 21. Qd3 Bxg2 22. Kxg2 Qg4 23. h3 Qe6 24. Rfe1 h5 25. h4 Rbd8 26. Rcd1 Nf5 27. Nf3 Qe4 28. Qxe4 Rxe4 29. Ng5 Re7 30. Nf3 Nd6 31. Nd2 Rde8 32. Rc1 Re6 33. Rf1 f6 34. Rfd1 Kf7 35. Rh1 Rh8 36. Rhe1 Ree8 37. Rh1 1/2-1/2

[Event "Calabria Province-ch"]
[Site "Catanzaro"]
[Date "2006.06.02"]
[Round "1"]
[White "Abatino, Maurizio"]
[Black "Taurino, Fabrizio"]
[Result "1-0"]
[WhiteElo "2205"]
[BlackElo "1580"]
[PlyCount "67"]
[EventDate "2006.06.02"]
[EventType "swiss"]
[EventRounds "6"]
[EventCountry "ITA"]
[SourceTitle "EXT 2024"]
[Source "ChessBase"]
[SourceDate "2023.10.10"]
[SourceVersion "1"]
[SourceVersionDate "2023.10.10"]
[SourceQuality "1"]

1. d4 d5 2. c4 Nf6 3. cxd5 Nxd5 4. e4 Nb6 5. Nf3 g6 6. Be2 Bg7 7. 0-0 0-0 8. h3 N6d7 9. Nc3 e6 10. Be3 b6 11. Qd2 c5 12. Rfd1 Nc6 13. Bb5 Qc7 14. d5 Nce5 15. Ng5 Nb8 16. f4 h6 17. fxe5 hxg5 18. d6 Qb7 19. d7 Nxd7 20. Bxd7 Rd8 21. Bxc8 Raxc8 22. Qe2 Rf8 23. Bxg5 Bxe5 24. Rd2 f6 25. Bh4 g5 26. Bf2 a6 27. Rad1 Qh7 28. Qg4 Qg6 29. Qxe6+ Kh8 30. Qg4 f5 31. exf5 Qf6 32. Nd5 Qxf5 33. Qxf5 Rxf5 34. Ne7 1-0

[Event "Cutro op-A 11th"]
[Site "Cutro"]
[Date "2005.04.30"]
[Round "8"]
[White "Abatino, Maurizio"]
[Black "De Rosa, Mariagrazia"]
[Result "1-0"]
[WhiteElo "2214"]
[BlackElo "2081"]
[PlyCount "73"]
[EventDate "2005.04.23"]
[EventType "swiss"]
[EventRounds "9"]
[EventCountry "ITA"]
[SourceTitle "CBM 106 Extra"]
[Source "ChessBase"]
[SourceDate "2005.07.01"]
[SourceVersion "1"]
[SourceVersionDate "2005.07.01"]
[SourceQuality "1"]

1. d4 g6 2. c4 Bg7 3. Nc3 c5 4. e3 Nf6 5. Nf3 b6 6. Be2 0-0 7. 0-0 Bb7 8. d5 d6 9. h3 Nfd7 10. Qc2 Ne5 11. Nd2 e6 12. f4 Ned7 13. e4 Na6 14. Nf3 exd5 15. cxd5 Nc7 16. Bd3 a6 17. a4 Rb8 18. Re1 Re8 19. Qf2 Ba8 20. Qf1 Qc8 21. Ra3 Nf6 22. Bd2 b5 23. axb5 axb5 24. Bxb5 Nxb5 25. Nxb5 Qd7 26. Nc3 Rxb2 27. Qd3 Reb8 28. Bc1 R2b3 29. Rxb3 Rxb3 30. Qc2 Qa7 31. Qxb3 c4+ 32. Be3 Qxe3+ 33. Rxe3 cxb3 34. Nb1 b2 35. Ra3 Bb7 36. Ra7 Bc8 37. Ra8 1-0

[Event "Cutro op-A 11th"]
[Site "Cutro"]
[Date "2005.04.29"]
[Round "7"]
[White "Abatino, Maurizio"]
[Black "Sautto, Daniele"]
[Result "0-1"]
[WhiteElo "2214"]
[BlackElo "2119"]
[PlyCount "66"]
[EventDate "2005.04.23"]
[EventType "swiss"]
[EventRounds "9"]
[EventCountry "ITA"]
[SourceTitle "CBM 106 Extra"]
[Source "ChessBase"]
[SourceDate "2005.07.01"]
[SourceVersion "1"]
[SourceVersionDate "2005.07.01"]
[SourceQuality "1"]

1. d4 Nf6 2. c4 e6 3. Nc3 Bb4 4. e3 b6 5. Bd3 Bb7 6. Nf3 0-0 7. 0-0 d5 8. cxd5 exd5 9. a3 Bd6 10. b4 a6 11. Qb3 Nbd7 12. a4 c6 13. e4 dxe4 14. Nxe4 Nxe4 15. Bxe4 Nf6 16. Bg5 Re8 17. Bd3 h6 18. Bh4 Bc8 19. Rac1 Be6 20. Qb2 Bd5 21. Ne5 c5 22. bxc5 bxc5 23. f4 Rb8 24. Qf2 cxd4 25. Bxa6 Qb6 26. Bxf6 Qxa6 27. Qg3 Bf8 28. Ng4 Rb2 29. Nxh6+ Kh7 30. Rf2 Rxf2 31. Qxf2 Re2 32. Bxd4 Rxf2 33. Bxf2 gxh6 0-1

[Event "Cutro op-A 11th"]
[Site "Cutro"]
[Date "2005.04.23"]
[Round "1"]
[White "Lazic, Miroljub"]
[Black "Abatino, Maurizio"]
[Result "1-0"]
[WhiteElo "2500"]
[BlackElo "2214"]
[PlyCount "163"]
[EventDate "2005.04.23"]
[EventType "swiss"]
[EventRounds "9"]
[EventCountry "ITA"]
[SourceTitle "CBM 106 Extra"]
[Source "ChessBase"]
[SourceDate "2005.07.01"]
[SourceVersion "1"]
[SourceVersionDate "2005.07.01"]
[SourceQuality "1"]

1. g3 d5 2. Nf3 Nf6 3. Bg2 Bf5 4. 0-0 e6 5. d3 h6 6. c4 c6 7. Qb3 Qb6 8. Qc2 Nbd7 9. Nbd2 Be7 10. b3 0-0 11. Bb2 Bh7 12. a3 Rfc8 13. Rac1 Qd8 14. Qb1 Qf8 15. Qa1 a5 16. Rc2 Nc5 17. cxd5 cxd5 18. Rfc1 Ncd7 19. a4 Rxc2 20. Rxc2 Rc8 21. Qc1 Rxc2 22. Qxc2 Bc5 23. Qc1 Qd8 24. Bd4 Qb6 25. Qc3 Bxd4 26. Nxd4 Qc5 27. Nb5 Qxc3 28. Nxc3 Kf8 29. e4 dxe4 30. dxe4 Nc5 31. f3 Nfd7 32. Kf2 f5 33. Ke3 Ke7 34. f4 fxe4 35. Bxe4 Bg8 36. Bc2 e5 37. f5 Nf6 38. h3 Nd5+ 39. Nxd5+ Bxd5 40. g4 Kd6 41. h4 b6 42. g5 hxg5 43. hxg5 Ke7 44. Kf2 Kd6 45. Ke3 Ke7 46. Bd1 Kd6 47. Nc4+ Bxc4 48. bxc4 Ke7 49. Bc2 Kd6 50. Kf3 Ke7 51. Kg4 Ke8 52. Kh5 Kf7 53. Bd1 Nd3 54. Bf3 Nf4+ 55. Kg4 Ke7 56. Bd5 Nd3 57. Bf3 Nc5 58. Bd1 Ke8 59. Kh5 Kf7 60. Kg4 Nd3 61. Bf3 Ke7 62. Be4 Nf4 63. Bd5 Nd3 64. Bc6 Nf4 65. Kf3 Kd6 66. Bb5 Nd3 67. Ke4 Nc5+ 68. Ke3 Ke7 69. Bc6 Kd6 70. Be8 Ke7 71. Bb5 Kd6 72. Kf3 Ke7 73. Kg4 Nd3 74. Bc6 Nf4 75. Bd5 Nd3 76. Be4 Nf4 77. Kf3 Kd6 78. Bd5 Nd3 79. Ke4 Nc5+ 80. Ke3 Nxa4 81. f6 gxf6 82. g6 1-0

[Event "Cutro op 10th"]
[Site "Cutro"]
[Date "2004.04.25"]
[Round "3"]
[White "Abatino, Maurizio"]
[Black "Mrdja, Milan"]
[Result "1/2-1/2"]
[WhiteElo "2224"]
[BlackElo "2405"]
[PlyCount "34"]
[EventDate "2004.04.23"]
[EventType "swiss"]
[EventRounds "9"]
[EventCountry "ITA"]
[SourceTitle "EXT 2007"]
[Source "ChessBase"]
[SourceDate "2006.11.23"]
[SourceVersion "1"]
[SourceVersionDate "2006.11.23"]
[SourceQuality "1"]

1. d4 e6 2. c4 Nf6 3. Nc3 d5 4. Bg5 Nbd7 5. e3 Be7 6. Nf3 0-0 7. Rc1 c6 8. Bd3 a6 9. a3 h6 10. Bh4 dxc4 11. Bxc4 b5 12. Bd3 c5 13. 0-0 Bb7 14. Re1 Rc8 15. Bb1 Re8 16. dxc5 Nxc5 17. Qxd8 Rexd8 1/2-1/2

[Event "Cutro op 08th"]
[Site "Cutro"]
[Date "2002.04.25"]
[Round "3"]
[White "Abatino, Maurizio"]
[Black "Drasko, Milan"]
[Result "1/2-1/2"]
[WhiteElo "2225"]
[BlackElo "2513"]
[PlyCount "64"]
[EventDate "2002.04.24"]
[EventType "swiss"]
[EventRounds "9"]
[EventCountry "ITA"]
[SourceTitle "CBM 088 Extra"]
[Source "ChessBase"]
[SourceDate "2002.07.01"]
[SourceVersion "2"]
[SourceVersionDate "2002.07.01"]
[SourceQuality "1"]

1. d4 Nf6 2. c4 e6 3. Nc3 Bb4 4. e3 0-0 5. Bd3 d5 6. Nf3 b6 7. 0-0 Bb7 8. cxd5 exd5 9. Ne5 Bd6 10. f4 c5 11. Rf3 g6 12. Rh3 Nc6 13. Qf3 cxd4 14. Nxc6 Bxc6 15. exd4 Qe7 16. Be3 Rae8 17. f5 Ne4 18. Qg4 h5 19. Qf3 Qf6 20. Rf1 Kg7 21. Ne2 Bd7 22. Nf4 Bxf4 23. Qxf4 g5 24. Qc7 Qc6 25. Qxc6 Bxc6 26. f6+ Kg6 27. Rg3 g4 28. Bc1 Re6 29. h3 Rxf6 30. hxg4 Rxf1+ 31. Kxf1 hxg4 32. Rxg4+ Kf5 1/2-1/2

[Event "Cutro op 08th"]
[Site "Cutro"]
[Date "2002.04.24"]
[Round "1"]
[White "Abatino, Maurizio"]
[Black "Ristic, Nenad"]
[Result "0-1"]
[WhiteElo "2225"]
[BlackElo "2464"]
[PlyCount "74"]
[EventDate "2002.04.24"]
[EventType "swiss"]
[EventRounds "9"]
[EventCountry "ITA"]
[SourceTitle "CBM 088 Extra"]
[Source "ChessBase"]
[SourceDate "2002.07.01"]
[SourceVersion "2"]
[SourceVersionDate "2002.07.01"]
[SourceQuality "1"]

1. d4 Nf6 2. c4 c5 3. e3 g6 4. Nc3 Bg7 5. Nf3 0-0 6. Be2 d5 7. cxd5 Nxd5 8. Qb3 Nxc3 9. bxc3 Nc6 10. 0-0 b6 11. Ba3 Na5 12. Qc2 Qc7 13. Rac1 Be6 14. c4 cxd4 15. Nxd4 Bxd4 16. exd4 Rac8 17. c5 Bd5 18. Qd2 Qb7 19. f3 Rfd8 20. Rfd1 e6 21. Bf1 Nc6 22. Rb1 e5 23. Qg5 Bxa2 24. Rb2 Be6 25. cxb6 Nxd4 26. Kh1 Rd5 27. Qf6 axb6 28. Rbd2 Qd7 29. h4 h5 30. Be7 Re8 31. Bb4 Qa4 32. Bc3 Red8 33. f4 Qa3 34. Bb2 Qe3 35. fxe5 Nf5 36. Qxd8+ Rxd8 37. Rxd8+ Kh7 0-1